Siblings Without Rivalry (Record no. 607140)

MARC details
000 -LEADER
fixed length control field 00368nam a2200145 a 4500
008 - FIXED-LENGTH DATA ELEMENTS--GENERAL INFORMATION
fixed length control field 260103s2026##################000#0#eng##
020 ## - INTERNATIONAL STANDARD BOOK NUMBER
ISBN 9780380799008
Paper back/Hardbound pbk
041 ## - LANGUAGE CODE
Language code of text/sound track or separate title eng
082 04 - DEWEY DECIMAL CLASSIFICATION NUMBER
Classification number 649.143
Item number FAB
100 ## - MAIN ENTRY--AUTHOR NAME
Personal name Faber, Adele
245 10 - TITLE STATEMENT
Title Siblings Without Rivalry
260 ## - PUBLICATION, DISTRIBUTION, ETC. (IMPRINT)
Place of publication Newyork
Name of publisher Perennial Currents
Year of publication 2004
942 ## - ADDED ENTRY ELEMENTS (KOHA)
Koha item type English Books
Holdings
Withdrawn status Lost status Damaged status Not for loan Home library Current library Shelving location Date acquired Full call number Accession Number Price effective from Koha item type
        Anna Centenary Library Anna Centenary Library 6TH FLOOR, A WING 28.12.2010 649.143 FAB 467282   English Books

Find us on the map